000 00876nam2a22002651 4500
001 v19\rc\1531401
005 20250618125701.0
035 _a(NLR Aleph) 004572318
090 _a2419472
_c2419472
100 _a20060620d1887 |||y0rusy50 ca
101 0 _arus
102 _aRU
105 _aa i 000yy
200 0 _a... за 1885 год
210 _d1887
_aБ. м.
215 _a72, [33] с.
_cтабл.
461 0 _1001v19\rc\1531400
_12001#$aОбзор Якутской области ...$v... за 1885 год
_92419464
_cЯкутск
_d1887-1912
_nЯкут. обл. стат. ком.
_tОбзор Якутской области...
_v... за 1885 год
801 0 _aRU
_bNLR
_gpsbo
801 0 _aRU
_bRuMoRGB
_2psbo
801 1 _aRU
_bProSoft-M
_2rusmarc
852 _aNLR
_j34.93.4.21(1885)
899 _aБАН (1882-1911*)
942 _cBOOK
980 _aNB